000 00610nam a2200229 i 4500
001 C2-0286788
003 PPAK
005 20180728020157.0
008 080129s2005 xx a|||| ||||| | eng d
020 _a8889272333
040 _aPPAK
_beng
_cPPAK
_erda
082 0 4 _a641.5636
_223
090 0 0 _a641.5636
_bLIT
_dR
245 0 4 _aThe little big vegetarian book
264 1 _bMcRae Books ,
_c2005
300 _a976 pages :
_bcolour illustrations ;
_c16 cm
336 _2rdacontent
_atext
337 _2rdamedia
_aunmediated
338 _2rdacarrier
_avolume
650 1 0 _aVegetarian cookery
942 _ddc
_cB
999 _c92510
_d92510